[Event "Oberliga Nord O 2122"]
[Site "Germany"]
[Date "2022.05.01"]
[Round "9.7"]
[White "Ebert, Lutz"]
[Black "Bachmann, Volker"]
[Result "0-1"]
[WhiteElo "1866"]
[BlackElo "2130"]
[PlyCount "106"]
[EventDate "2021.10.31"]
[EventType "team-tourn"]
[EventRounds "9"]
[EventCountry "GER"]
[SourceTitle "EXT 2023"]
[Source "ChessBase"]
[SourceDate "2022.10.05"]
[SourceVersion "1"]
[SourceVersionDate "2022.10.05"]
[SourceQuality "1"]
[WhiteTeam "Guestrow/Teterow"]
[BlackTeam "Potsdam Empor"]
[WhiteTeamCountry "GER"]
[BlackTeamCountry "GER"]

1. Nf3 f5 2. b4 Nf6 3. Bb2 g6 4. d4 Bg7 5. e3 0-0 6. c4 d6 7. Be2 Ne4 8. Nbd2 c5 9. b5 Qa5 10. 0-0 Nxd2 11. Qxd2 Qxd2 12. Nxd2 e5 13. d5 e4 14. Bxg7 Kxg7 15. a4 Nd7 16. a5 Ne5 17. Ra3 Bd7 18. Rfa1 Rae8 19. g3 g5 20. b6 a6 21. Kg2 Re7 22. Rc3 Ng6 23. Bh5 Ne5 24. Be2 Be8 25. h3 Bg6 26. f4 exf3+ 27. Nxf3 Nf7 28. Raa3 Rfe8 29. Kf2 Kf6 30. Bd1 Nh6 31. Nd2 Ng8 32. Ba4 Rf8 33. Bd1 h6 34. Bc2 Kg7 35. Nf1 Nf6 36. Nd2 Ne4+ 37. Bxe4 fxe4+ 38. Kg1 Ref7 39. Ra1 Rf2 40. Nf1 Rb2 41. Rca3 Rff2 42. Rc1 Be8 43. g4 Rfe2 44. Kh1 h5 45. h4 Bd7 46. gxh5 gxh4 47. Nd2 Rexd2 48. Rg1+ Kh6 49. Rg8 Rd1+ 50. Rg1 Rxg1+ 51. Kxg1 h3 52. Ra1 Bg4 53. Rf1 Bf3 0-1

[Event "Oberliga Nord O 2122"]
[Site "Germany"]
[Date "2022.03.06"]
[Round "6.8"]
[White "Bachmann, Volker"]
[Black "Rath, Alina"]
[Result "0-1"]
[WhiteElo "2130"]
[BlackElo "2057"]
[PlyCount "104"]
[EventDate "2021.10.31"]
[EventType "team-tourn"]
[EventRounds "9"]
[EventCountry "GER"]
[SourceTitle "EXT 2023"]
[Source "ChessBase"]
[SourceDate "2022.10.05"]
[SourceVersion "1"]
[SourceVersionDate "2022.10.05"]
[SourceQuality "1"]
[WhiteTeam "Potsdam Empor"]
[BlackTeam "Koenig Tegel II"]
[WhiteTeamCountry "GER"]
[BlackTeamCountry "GER"]

1. d4 d5 2. c4 e6 3. Nc3 c5 4. e3 Nf6 5. Nf3 Nc6 6. cxd5 exd5 7. Be2 Be7 8. dxc5 Bxc5 9. 0-0 0-0 10. a3 Be6 11. b4 Bd6 12. Bb2 Rc8 13. Rc1 a6 14. Na4 Ne4 15. Nd4 Nxd4 16. Qxd4 f6 17. f4 Rxc1 18. Rxc1 Bf7 19. Bf3 b5 20. Nb6 Bb8 21. Nxd5 Qxd5 22. Bxe4 Qxd4 23. Bxd4 Bc4 24. Bb7 Rd8 25. Bxa6 Bxf4 26. Bc5 Be5 27. a4 Rb8 28. Rd1 Bb3 29. Rd7 bxa4 30. Rd3 h6 31. Kf2 Bf7 32. b5 Bc4 33. Ra3 Bxb5 34. Bxb5 Rxb5 35. Bd4 Bxd4 36. exd4 Rb2+ 37. Kf1 Rb4 38. d5 Rd4 39. Ke2 Kf7 40. Ke3 Rb4 41. Ra2 Ke7 42. Kd3 Kd6 43. Kc3 Rg4 44. Rd2 h5 45. g3 h4 46. Rd3 Re4 47. gxh4 Rxh4 48. h3 g5 49. Rf3 Kxd5 50. Rxf6 Rxh3+ 51. Kb4 Rh4+ 52. Ka3 Ke5 0-1

[Event "Oberliga Nord O 1819"]
[Site "Germany"]
[Date "2018.11.11"]
[Round "2.7"]
[White "Offermann, Fernando"]
[Black "Bachmann, Volker"]
[Result "1/2-1/2"]
[WhiteElo "2143"]
[BlackElo "2127"]
[PlyCount "61"]
[EventDate "2018.10.21"]
[EventType "team-tourn"]
[EventRounds "9"]
[EventCountry "GER"]
[SourceTitle "EXT 2020"]
[Source "ChessBase"]
[SourceDate "2019.10.17"]
[SourceVersion "1"]
[SourceVersionDate "2019.10.17"]
[SourceQuality "1"]
[WhiteTeam "Berlin SF III"]
[BlackTeam "Potsdam Empor"]
[WhiteTeamCountry "GER"]
[BlackTeamCountry "GER"]

1. d4 Nf6 2. c4 g6 3. Nf3 Bg7 4. g3 0-0 5. Bg2 d5 6. cxd5 Nxd5 7. 0-0 Nc6 8. e4 Nb6 9. d5 Ne5 10. Nxe5 Bxe5 11. Qe2 e6 12. Rd1 exd5 13. exd5 Re8 14. Be3 Na4 15. Rd2 Bd7 16. Na3 Qf6 17. Rc1 Nxb2 18. Nb5 Na4 19. Nxc7 Rac8 20. Rdc2 Nc3 21. Rxc3 Bxc3 22. Nxe8 Rxe8 23. Qd3 Be5 24. Qb3 Bd4 25. Qxb7 Rxe3 26. fxe3 Bxe3+ 27. Kh1 Bxc1 28. Qxd7 Bd2 29. Qxa7 Qa1+ 30. Qg1 Qxa2 31. Qf2 1/2-1/2

[Event "Oberliga Nord O 1617"]
[Site "Germany"]
[Date "2017.04.23"]
[Round "8.7"]
[White "Glienke, Manfred"]
[Black "Bachmann, Volker"]
[Result "1/2-1/2"]
[WhiteElo "2277"]
[BlackElo "2131"]
[PlyCount "116"]
[EventDate "2016.10.16"]
[EventType "team-tourn"]
[EventRounds "9"]
[EventCountry "GER"]
[SourceTitle "EXT 2018"]
[Source "ChessBase"]
[SourceDate "2017.10.13"]
[SourceVersion "1"]
[SourceVersionDate "2017.10.13"]
[SourceQuality "1"]
[WhiteTeam "Kreuzberg"]
[BlackTeam "Potsdam Empor"]
[WhiteTeamCountry "GER"]
[BlackTeamCountry "GER"]

1. Nf3 f5 2. g3 Nf6 3. Bg2 g6 4. c4 Bg7 5. Nc3 0-0 6. 0-0 Nc6 7. Rb1 e5 8. d3 d6 9. b4 a6 10. a4 h6 11. b5 axb5 12. axb5 Ne7 13. Qb3 Be6 14. Rd1 g5 15. Ne1 d5 16. Ba3 d4 17. Na4 Ra7 18. Nc5 Bc8 19. Ra1 b6 20. Na6 c5 21. Nb8 e4 22. Nc6 Nxc6 23. bxc6 Qc7 24. Bb2 Rxa1 25. Bxa1 Qxc6 26. Rb1 Nd7 27. f3 exf3 28. Bxf3 Qc7 29. Bd5+ Kh8 30. Ng2 f4 31. gxf4 gxf4 32. Nh4 Qd6 33. Kh1 Qf6 34. Nf3 Re8 35. Qa2 Qe7 36. Qd2 Qxe2 37. Re1 Qe3 38. Rxe3 fxe3 39. Qg2 Nf6 40. Bc6 Re6 41. Ng1 Re5 42. Bf3 Rg5 43. Qa2 Ng4 44. Nh3 Rf5 45. Bxg4 Rf1+ 46. Kg2 Bxg4 47. Kxf1 Bxh3+ 48. Kg1 Bf6 49. Qa8+ Kg7 50. Qf3 Be6 51. Qb7+ Kg6 52. Qg2+ Kf7 53. Qf3 Kg6 54. h3 Bf5 55. Qg2+ Kf7 56. Qd5+ Kg6 57. Qg2+ Kf7 58. Qd5+ Kg6 1/2-1/2

[Event "Oberliga Nord O 1617"]
[Site "Germany"]
[Date "2016.11.20"]
[Round "2.7"]
[White "Bachmann, Volker"]
[Black "Gropp, Andreas"]
[Result "1/2-1/2"]
[WhiteElo "2131"]
[BlackElo "2180"]
[PlyCount "28"]
[EventDate "2016.10.16"]
[EventType "team-tourn"]
[EventRounds "9"]
[EventCountry "GER"]
[SourceTitle "EXT 2018"]
[Source "ChessBase"]
[SourceDate "2017.10.13"]
[SourceVersion "1"]
[SourceVersionDate "2017.10.13"]
[SourceQuality "1"]
[WhiteTeam "Potsdam Empor"]
[BlackTeam "Neuruppin"]
[WhiteTeamCountry "GER"]
[BlackTeamCountry "GER"]

1. d4 e6 2. c4 f5 3. Nf3 Nf6 4. Bg5 b6 5. g3 Bb4+ 6. Nbd2 Bb7 7. Bg2 h6 8. Bxf6 Qxf6 9. 0-0 0-0 10. a3 Bxd2 11. Qxd2 d6 12. Rac1 Nd7 13. b4 Rad8 14. Rfd1 Be4 1/2-1/2

[Event "Berlin Spandau op 1st"]
[Site "Berlin"]
[Date "2015.12.30"]
[Round "7"]
[White "Bachmann, Volker"]
[Black "Boettcher, Patrick"]
[Result "0-1"]
[WhiteElo "2095"]
[BlackElo "2164"]
[PlyCount "62"]
[EventDate "2015.12.27"]
[EventType "swiss"]
[EventRounds "7"]
[EventCountry "GER"]
[SourceTitle "EXT 2022"]
[Source "ChessBase"]
[SourceDate "2021.10.06"]
[SourceVersion "1"]
[SourceVersionDate "2021.10.06"]
[SourceQuality "1"]

1. d4 Nf6 2. c4 g6 3. Nc3 Bg7 4. e4 d6 5. f4 0-0 6. Nf3 c5 7. d5 e6 8. Be2 exd5 9. cxd5 Bg4 10. 0-0 Re8 11. h3 Bxf3 12. Bxf3 Nbd7 13. g4 h6 14. Be3 Nh7 15. Qd2 a6 16. a4 Rb8 17. Kg2 b5 18. axb5 axb5 19. Ra6 Rb6 20. Ra7 b4 21. Na4 Rb5 22. b3 Ra5 23. Rxa5 Qxa5 24. e5 dxe5 25. fxe5 Bxe5 26. d6 Nhf6 27. Bc6 Re6 28. Bxd7 Nxd7 29. Qd5 Bxd6 30. Bxh6 Qb5 31. Qa8+ Kh7 0-1

[Event "Berlin Spandau op 1st"]
[Site "Berlin"]
[Date "2015.12.27"]
[Round "2"]
[White "Bachmann, Volker"]
[Black "Hoffbauer, Joerg"]
[Result "1-0"]
[WhiteElo "2095"]
[BlackElo "1745"]
[PlyCount "63"]
[EventDate "2015.12.27"]
[EventType "swiss"]
[EventRounds "7"]
[EventCountry "GER"]
[SourceTitle "EXT 2022"]
[Source "ChessBase"]
[SourceDate "2021.10.06"]
[SourceVersion "1"]
[SourceVersionDate "2021.10.06"]
[SourceQuality "1"]

1. d4 e6 2. c4 Nf6 3. Nc3 b6 4. e4 Bb7 5. d5 Bb4 6. Bd3 exd5 7. exd5 Qe7+ 8. Nge2 b5 9. 0-0 bxc4 10. Bxc4 0-0 11. Bg5 Qc5 12. Qd3 Ng4 13. Ne4 Qb6 14. Bf4 Be7 15. Qb3 Nf6 16. Nxf6+ Bxf6 17. Bxc7 Qc5 18. Rac1 Bxb2 19. Bd6 Qc8 20. Bxf8 Kxf8 21. Rc2 Bf6 22. Bb5 Qd8 23. Rfc1 d6 24. Qh3 Nd7 25. Rc7 Bc8 26. Qxh7 g6 27. f4 Bg7 28. f5 Nc5 29. R1xc5 dxc5 30. d6 Bd7 31. Nf4 Qe8 32. Nxg6+ 1-0

[Event "Berlin Spandau op 1st"]
[Site "Berlin"]
[Date "2015.12.27"]
[Round "1"]
[White "Sommer, Horst"]
[Black "Bachmann, Volker"]
[Result "0-1"]
[WhiteElo "1594"]
[BlackElo "2095"]
[PlyCount "48"]
[EventDate "2015.12.27"]
[EventType "swiss"]
[EventRounds "7"]
[EventCountry "GER"]
[SourceTitle "EXT 2022"]
[Source "ChessBase"]
[SourceDate "2021.10.06"]
[SourceVersion "1"]
[SourceVersionDate "2021.10.06"]
[SourceQuality "1"]

1. e4 e6 2. d4 d5 3. Nc3 Bb4 4. e5 c5 5. a3 Bxc3+ 6. bxc3 Ne7 7. Bb5+ Kf8 8. Bd2 c4 9. Qe2 Qc7 10. Qg4 a6 11. Be8 Nf5 12. Bxf7 Qxf7 13. Nh3 Nc6 14. Ng5 Qg6 15. Qf3 Ke8 16. h4 Nfxd4 17. cxd4 Nxd4 18. Qf4 Nxc2+ 19. Kf1 Nxa1 20. g4 Rf8 21. Qd4 Nb3 22. Qc3 h6 23. h5 Nxd2+ 24. Qxd2 Qxg5 0-1

[Event "Oberliga Nord O 1516"]
[Site "Germany"]
[Date "2015.12.13"]
[Round "4.6"]
[White "Bachmann, Volker"]
[Black "Kather, Yannick"]
[Result "1-0"]
[WhiteElo "2095"]
[BlackElo "2043"]
[PlyCount "61"]
[EventDate "2015.09.20"]
[EventType "team-tourn"]
[EventRounds "9"]
[EventCountry "GER"]
[SourceTitle "CBM 170 Extra"]
[Source "ChessBase"]
[SourceDate "2016.02.25"]
[SourceVersion "1"]
[SourceVersionDate "2016.02.25"]
[SourceQuality "1"]
[WhiteTeam "Potsdam Empor"]
[BlackTeam "Weisse Dame"]
[WhiteTeamCountry "GER"]
[BlackTeamCountry "GER"]

1. d4 Nf6 2. c4 g6 3. Nc3 d5 4. cxd5 Nxd5 5. e4 Nxc3 6. bxc3 Bg7 7. Nf3 c5 8. Rb1 0-0 9. Be2 Nc6 10. d5 Ne5 11. Nxe5 Bxe5 12. Qd2 e6 13. f4 Bc7 14. 0-0 Re8 15. Bb5 Rf8 16. c4 a6 17. Ba4 Rb8 18. Rf3 exd5 19. cxd5 b5 20. Bc2 Ba5 21. Qf2 f5 22. Bb2 c4 23. Kh1 fxe4 24. Bxe4 b4 25. Qd4 c3 26. Bxc3 bxc3 27. Rxb8 Qd6 28. Qe5 Qa3 29. Rf1 Qc5 30. Bc2 Bd8 31. Bb3 1-0

[Event "Muensterland Verbandsliga 0203"]
[Site "Muensterland"]
[Date "2003.01.11"]
[Round "5.2"]
[White "Rieke, Theo"]
[Black "Bachmann, Volker"]
[Result "1/2-1/2"]
[WhiteElo "2236"]
[BlackElo "2034"]
[PlyCount "40"]
[EventDate "2002.09.21"]
[EventType "team"]
[EventRounds "9"]
[EventCountry "GER"]
[SourceTitle "EXT 2004"]
[Source "ChessBase"]
[SourceDate "2003.11.25"]
[SourceVersion "1"]
[SourceVersionDate "2003.11.25"]
[SourceQuality "1"]
[WhiteTeam "Neuenkirchen"]
[BlackTeam "Bocholt"]
[WhiteTeamCountry "GER"]
[BlackTeamCountry "GER"]

1. Nf3 f5 2. g3 Nf6 3. Bg2 g6 4. 0-0 Bg7 5. d4 0-0 6. c4 d6 7. Nc3 Nc6 8. d5 Ne5 9. Nxe5 dxe5 10. Qb3 e4 11. Bg5 c6 12. Rad1 Qb6 13. Qa3 cxd5 14. Be3 Qc7 15. cxd5 b6 16. Qb3 Qd7 17. f3 exf3 18. exf3 Bb7 19. Rd2 Rfe8 20. Rfd1 e6 1/2-1/2

[Event "Muensterland Verbandsliga 0203"]
[Site "Muensterland"]
[Date "2002.09.21"]
[Round "1.2"]
[White "Ottens, Stephan"]
[Black "Bachmann, Volker"]
[Result "1-0"]
[WhiteElo "2271"]
[BlackElo "2034"]
[PlyCount "99"]
[EventDate "2002.09.21"]
[EventType "team"]
[EventRounds "9"]
[EventCountry "GER"]
[SourceTitle "EXT 2004"]
[Source "ChessBase"]
[SourceDate "2003.11.25"]
[SourceVersion "1"]
[SourceVersionDate "2003.11.25"]
[SourceQuality "1"]
[WhiteTeam "Rheine CC"]
[BlackTeam "Bocholt"]
[WhiteTeamCountry "GER"]
[BlackTeamCountry "GER"]

1. e4 g6 2. d4 Bg7 3. Nf3 d6 4. Bd3 Bg4 5. c3 c5 6. 0-0 cxd4 7. cxd4 Bxf3 8. Qxf3 Bxd4 9. Bb5+ Nc6 10. Nc3 Rc8 11. Rd1 Qb6 12. Ba4 Bg7 13. Bb3 Nf6 14. Nd5 Qa6 15. Nxf6+ Bxf6 16. Bh6 Ne5 17. Qh3 b6 18. Rac1 Rc5 19. Rxc5 bxc5 20. f4 c4 21. fxe5 cxb3 22. exf6 bxa2 23. Qa3 Qxa3 24. bxa3 exf6 25. Bg7 Rg8 26. Bxf6 Kd7 27. Ra1 Re8 28. Rxa2 Rxe4 29. Bc3 Ke6 30. Kf2 Kd5 31. Re2 Ra4 32. Rd2+ Kc6 33. Bb4 d5 34. Rc2+ Kb6 35. Ke3 a5 36. Bd6 Re4+ 37. Kd3 f5 38. Bg3 Kb5 39. Bf2 Ka4 40. Bc5 Kb5 41. h3 h5 42. Bd4 Ka4 43. Rc5 Kxa3 44. Rxa5+ Kb4 45. Rxd5 Re6 46. Bc3+ Kb3 47. Rb5+ Ka4 48. Rb4+ Ka3 49. Rb7 Rd6+ 50. Bd4 1-0